Photojournalism : (Record no. 21516)
[ view plain ]
| 000 -LEADER | |
|---|---|
| fixed length control field | 00927nam a22002895a 4500 |
| 005 - DATE AND TIME OF LATEST TRANSACTION | |
| control field | 20160327153854.0 |
| 006 - FIXED-LENGTH DATA ELEMENTS--ADDITIONAL MATERIAL CHARACTERISTICS--GENERAL INFORMATION | |
| fixed length control field | a||||fq||z 00| 0 |
| 008 - FIXED-LENGTH DATA ELEMENTS--GENERAL INFORMATION | |
| fixed length control field | 160327t2004 mauo frb 001 0 eng d |
| 020 ## - INTERNATIONAL STANDARD BOOK NUMBER | |
| International Standard Book Number | 0723611580 |
| 020 ## - INTERNATIONAL STANDARD BOOK NUMBER | |
| International Standard Book Number | 0240805844 (DVD) |
| 020 ## - INTERNATIONAL STANDARD BOOK NUMBER | |
| International Standard Book Number | 0240806107 |
| 020 ## - INTERNATIONAL STANDARD BOOK NUMBER | |
| International Standard Book Number | 9780240806105 |
| 040 ## - CATALOGING SOURCE | |
| Original cataloging agency | EG-ScBUE |
| Language of cataloging | eng |
| Transcribing agency | EG-ScBUE |
| 082 04 - DEWEY DECIMAL CLASSIFICATION NUMBER | |
| Classification number | 070.49 |
| Item number | KOB |
| Edition number | 22 |
| 100 1# - MAIN ENTRY--PERSONAL NAME | |
| Personal name | Kobre, Kenneth, |
| Dates associated with a name | 1946- |
| 9 (RLIN) | 39682 |
| 245 10 - TITLE STATEMENT | |
| Title | Photojournalism : |
| Remainder of title | the professionals' approach / |
| Statement of responsibility, etc | Kenneth Kobré ; editing & Design by Betsy Brill. |
| 250 ## - EDITION STATEMENT | |
| Edition statement | 5th ed. |
| 260 ## - PUBLICATION, DISTRIBUTION, ETC. (IMPRINT) | |
| Place of publication, distribution, etc | Burlington ; |
| Name of publisher, distributor, etc | Oxford : |
| Date of publication, distribution, etc | Focal Press / Elsevier, |
| Place of manufacture | c.2004. |
| 300 ## - PHYSICAL DESCRIPTION | |
| Extent | ix, 416 p. : |
| Other physical details | photographs ; |
| Dimensions | 28 cm. + |
| Accompanying material | 1 DVD. |
| 500 ## - GENERAL NOTE | |
| General note | Index : p. 411-415. |
| 504 ## - BIBLIOGRAPHY, ETC. NOTE | |
| Bibliography, etc | Bibliography : p. 396-410. |
| 650 #7 - SUBJECT ADDED ENTRY--TOPICAL TERM | |
| Topical term or geographic name as entry element | Photojournalism. |
| Source of heading or term | BUEsh |
| 9 (RLIN) | 39683 |
| 651 ## - SUBJECT ADDED ENTRY--GEOGRAPHIC NAME | |
| Source of heading or term | BUEsh |
| 653 ## - INDEX TERM--UNCONTROLLED | |
| Resource For college | Communication and mass media |
| Arrived date list | March2016 |
| 700 1# - ADDED ENTRY--PERSONAL NAME | |
| Personal name | Brill, Betsy, |
| Relator term | editor. |
| 9 (RLIN) | 39684 |
| 942 ## - ADDED ENTRY ELEMENTS (KOHA) | |
| Source of classification or shelving scheme | Dewey Decimal Classification |
| Withdrawn status | Item status | Source of classification or shelving scheme | Damaged status | Not for loan | Vendor | Home library | Current library | Shelving location | Date acquired | Source of acquisition | Cost, normal purchase price | Serial Enumeration / chronology | Total Checkouts | Full call number | Barcode | Date last seen | Cost, replacement price | Koha item type |
|---|---|---|---|---|---|---|---|---|---|---|---|---|---|---|---|---|---|---|
| Dewey Decimal Classification | sphinx | Central Library | Central Library | Lower Floor | 27/03/2016 | Purchase | 230.00 | 71066 | 070.49 KOB | 000032161 | 15/07/2025 | 288.00 | Book - Borrowing | |||||
| Dewey Decimal Classification | sphinx | Central Library | Central Library | Lower Floor | 27/03/2016 | Purchase | 230.00 | 71066 | 070.49 KOB | 000032162 | 24/08/2022 | 288.00 | CD | DVD - With book |